Statistics for Country Logic Puzzle by Scambigol #9

Click here to take the quiz!

General Stats

  • This quiz has been taken 148 times
  • The average score is 18 of 24

Answer Stats

Country% Correct
Zambia
93%
Angola
91%
Yemen
84%
United Kingdom
79%
East Timor
78%
Haiti
78%
Papua New Guinea
78%
Oman
77%
Dominican Republic
76%
Venezuela
73%
Qatar
73%
Chile
72%
Ireland
71%
Bolivia
70%
Federated States of Micronesia
69%
Rwanda
69%
Spain
68%
Trinidad and Tobago
68%
Marshall Islands
67%
Libya
67%
Jamaica
67%
Guyana
67%
Kosovo
64%
Nauru
64%

Score Distribution

Percentile by Number Answered

Percent of People with Each Score

Your Score History

You have not taken this quiz